Quantitative data analysis for social scientists

Αποθηκεύτηκε σε:
Λεπτομέρειες βιβλιογραφικής εγγραφής
Κύριος συγγραφέας: Bryman, Alan
Άλλοι συγγραφείς: Cramer, Duncan 1948-
Μορφή: Βιβλίο
Γλώσσα:English
Δημοσίευση: London, New York : Routledge, c1994
Έκδοση:Rev. ed.
Θέματα:
Ετικέτες: Προσθήκη ετικέτας
Δεν υπάρχουν, Καταχωρήστε ετικέτα πρώτοι!

MARC

LEADER 00000nam a2200000 i 4500
001 1/24562
008 960718s1994 eng d
020 |a 0-415-113075 
035 |l 10022316 
040 |a GR-MY-UA  |b gre  |e aacr 
041 0 |a eng 
082 0 |a 300.28553 
100 1 |a Bryman, Alan. 
245 1 0 |a Quantitative data analysis for social scientists /  |c Alan Bryman, Duncan Cramer 
250 |a Rev. ed. 
260 |a London, New York :   |b Routledge,   |c c1994 
300 |a 294 p. 
500 |a Includes bibliography and index 
630 0 0 |a SPSS (Computer file) 
650 0 0 |a Social sciences  |x Computer programs. 
650 0 0 |a Analysis of variance. 
700 1 |a Cramer, Duncan  |d 1948- 
852 |a INST  |b CHIOS  |e 19960718  |h 300.28553 BRY  |p 005200001708  |q 005200001708  |t BK  |y 0 
909 |a Χ  |b 040286